| 000 | 00943nam a2200241 a 4500 | ||
|---|---|---|---|
| 001 | 000000501 | ||
| 003 | DO-SdBNP | ||
| 005 | 20211115092336.0 | ||
| 008 | 081029s2007 dr ac 000 0 spa d | ||
| 020 | _a9789945410259 | ||
| 020 | _a9945410253 | ||
| 040 |
_aDO-SdBNP _bspa _cBNPHU |
||
| 082 |
_a920.7293 _bR696r |
||
| 100 | 1 |
_aRodríguez, Gloria, _d1918- _91666 |
|
| 245 | 1 | 0 |
_aRincón de piedras : _bmis memorias / _cGloria Rodríguez. |
| 260 |
_aSanto Domingo : _bArgos, _c2007. |
||
| 300 |
_a93 p. : _bil., retrs. ; _c22 cm. |
||
| 505 | 0 | _aIntroducción -- Recogiendo informaciones -- Amores a distancia -- Costumbre y planificación -- Rechazo absoluto -- Los hermanos Perozo: César, Faustino y Andrés -- Cultura -- Emigración. | |
| 600 | 1 | 4 |
_a Rodríguez, Glória, _d1918 - _91667 |
| 651 | 4 |
_aRincón Piedra (República Dominicana) _xVida social y costumbres _91668 |
|
| 910 | _aValidado. Control de calidad MOLINA | ||
| 942 |
_2ddc _cLBS1 |
||
| 999 |
_c499 _d499 |
||